000 00519nam a2200169Ia 4500
005 20241223154555.0
008 231217s9999 xx 000 0 und d
020 _a9788131721018
082 _a001.6425 AHO;58
100 _aAho, Alfred V. Lam, Monica, S. Ullman, Sethi, Ravi. Jeffrey D.
245 0 _aCompilers : principles, techniques and tools
250 _a2nd ed.
260 _c2007
_bDorling Kindersley
_aNew Delhi
300 _axxiv, 1009
650 _aCompilers,principles,,techniques,tools
942 _cAA
999 _c187928
_d187928